VIP... Tradotti - 4 - Statistics

Statistiche generali
  • Questo quiz è stato fatto 65 volte
  • Il punteggio medio è 6 su 15
Statistiche sulle risposte
Nome tradotto Personaggio famoso % Corretto
Donaldo Timpano Donald Trump
88%
Tigre Boschi Tiger Woods
79%
Giacomo Nero Jack Black
68%
Ambra Sentito Amber Heard
58%
Pietro Padella Peter Pan
58%
Carlo Marrone Charlie Brown
54%
Tina Spatola Tina Turner
40%
Ruggero Acque Roger Waters
39%
Elia Legno Elijah Wood
33%
Enrico Pentolaio Harry Potter
30%
Katia Sbianchetta Kate Blanchett
23%
Enrico Chiese Enrique Iglesias
12%
Lucia Sana Lucy Hale
11%
Guglielmino Cristallo Billy Crystal
7%
Gerardo Bottaio Gary Cooper
0%
Nessun quiz corrispondente trovato
Distribuzione punteggi
Percentuale di utenti per punteggio
Percentile per numero di risposta
I tuoi punteggi nel tempo
Non hai fatto questo quiz